Представление документа в формате RUSMARC

ПолеНазваниеЗначение
  Тип записи a
  Библиографический уровень m
001 Контрольный номер UONB/MAIN/ad6b5045eb11468fad7f99e91b7f3c68
005 Дата корректировки 20260417160429.4
010 Индекс ISBN __
9 Тираж 500 экз.
d Цена 14 к.
100 Данные общей обработки __
a Данные общей обработки 20260417d1989 u y0rusy0189 ca
101 Язык документа 0_
a Язык текста rus
102 Страна публикации __
a Страна публикации RU
105 Кодированные данные (монография) __
a Кодированные данные (монография) a z 001yy
200 Заглавие и сведения об ответственности 1_
a Заглавие Основы радиохимического анализа
f Первые сведения об ответственности Д. А. Шустов, Л. А. Бакулина
e Сведения, относящиеся к заглавию учебное пособие
g Последующие сведения об ответственности под редакцией В. Я. Голикова
g Последующие сведения об ответственности Центральный институт усовершенствования врачей
203 Вид содержания и тип средства __
a Вид содержания Текст
b Характеристика содержания визуальный
c Тип средства непосредственный
210 Выходные данные 1_
a Место издания Москва
c Издательство ЦОЛИУВ
d Дата издания 1989
215 Физическое описание __
a Объем 84 с.
d Формат 21 см
c Иллюстрации/тип воспроизводства ил.
320 Библиография __
a Библиография Библиогр.: с. 81
606 Тематические рубрики 0_
a Основная рубрика Радиохимический анализ
610 Ключевые слова 0_
a Ключевые слова радиохимический анализ; анализ радиохимический
686 Индексы других классификаций __
a Классификационный индекс 51.26
2 Код системы rubbk
700 Автор _1
a Фамилия Шустов
b Имя (инициалы) Д. А.
g Полное личное имя Дмитрий Александрович
701 Альтернативная интеллектуальная ответственность _1
a Фамилия Бакулина
b Имя (инициалы) Л. А.
g Полное личное имя Лидия Антоновна
702 Вторичная интеллектуальная ответственность _1
a Фамилия Голиков
b Имя (инициалы) В. Я.
4 Код отношения 340
712 Наименование организации (Вторичная ответственность) 02
a Организация/ юрисдикция Центральный институт усовершенствования врачей
4 Код отношения 570
801 Источник записи _0
a Страна RU
b Организация Ульяновская ОНБ
c Дата составления 20260417
g Правила каталогизации RCR
801 Источник записи _1
a Страна RU
b Организация Ульяновская ОНБ
c Дата составления 20260417
g Правила каталогизации RCR
901 Тип документа __
t Тип документа m
909 Создатель записи __
a Создатель записи Оргеткина
b Дата создания записи 20260417